Normal view
MARC view
- Riaz, NC Nida (TCC-21)
Entry Personal Name
001 - CONTROL NUMBER
- control field: 132126
003 - CONTROL NUMBER IDENTIFIER
- control field: NUST
005 - DATE AND TIME OF LATEST TRANSACTION
- control field: 20251125183506.0
008 - FIXED-LENGTH DATA ELEMENTS
- fixed length control field: 251125|| aca||aabn | a|a d
040 ## - CATALOGING SOURCE
- Original cataloging agency: NUST
- Transcribing agency: NUST
100 ## - HEADING--PERSONAL NAME
- Personal name: Riaz, NC Nida (TCC-21)
670 ## - SOURCE DATA FOUND
- Source citation: Work cat.: (NUST)210864: Riaz, NC Nida (TCC-21), Multi-Biometric Access Control System /, 2013
